000 00369 a2200097 4500
245 0 0 _aWyroby elektrotechniczne - Próby środowiskowe. Próba J - pleśnie PN-87/E-04609 /
_cInstytut Elektrotechniki Wrocław.
246 1 3 _aPN-87/E-04609
246 1 3 _a621.3.002.6;620.193.83
260 _aWarszawa :
_bInstytut Elektrotechniki Wrocław,
_c1987.
300 _a10 stron ;
_c30 cm.
650 _aPolska norma
999 _c21274
_d21274